header

Exploring WebSphere Studio Enterprise Developer V5.1.2 (Record no. 106537)

MARC details
000 -LEADER
fixed length control field 01414nam a2200337Ia 4500
245 00 - TITLE STATEMENT
Title Exploring WebSphere Studio Enterprise Developer V5.1.2
250 ## - EDITION STATEMENT
Edition statement 1st ed.
260 ## - PUBLICATION, DISTRIBUTION, ETC. (IMPRINT)
Place of publication Research Triangle Park, NC :
Name of publisher IBM, International Technical Support Organization,
Year of publication c2005.
300 ## - PHYSICAL DESCRIPTION
Number of Pages xvi, 532 p. :
Other physical details ill.
490 1# - SERIES STATEMENT
Series statement IBM redbooks
650 #0 - SUBJECT ADDED ENTRY--TOPICAL TERM
Topical Term Web services.
Topical Term Application software
856 40 - ELECTRONIC LOCATION AND ACCESS
Uniform Resource Identifier http://site.ebrary.com/lib/rucke/Doc?id=10112402

No items available.

© 2026 Rongo University
Contact us: librarian | system librarian | Rongo university